| 000 | 00714nam a22001577a 4500 | ||
|---|---|---|---|
| 003 | OSt | ||
| 005 | 20150919114947.0 | ||
| 008 | 150919b xxu||||| |||| 00| 0 eng d | ||
| 040 | _cRUA | ||
| 082 | _aAGR LON 2006 BO33 Or.1 | ||
| 100 |
_9861 _aLONG, KIMSENG |
||
| 245 | _aEffect of organic fertilizers on chinese kale at the crops station of royal university of agriculture,(ឥទ្ធពលជីសរីរាង្គលើដំណាំខាត់ណាដើមនៅស្ថានីយ៍ពិសោធន៍ដំណាំសាកាលវិទ្យាល័យភូមិន្ធកសិកម្ម). | ||
| 260 |
_aphnom phen _bRUA _c29CM |
||
| 300 |
_aXIII, 48p. _bill. _c29cm. |
||
| 942 |
_2ddc _cAGR |
||
| 999 |
_c830 _d830 |
||